| 000 | 01424cam a2200397 a 4500 | ||
|---|---|---|---|
| 001 | 683770 | ||
| 003 | OSt | ||
| 005 | 20260429162840.0 | ||
| 008 | 951006r19961995enka b 001 0 eng d | ||
| 010 | _a 95212088 | ||
| 015 | _aGB96-21349 | ||
| 020 | _a0714829919 | ||
| 020 | _a9780714829913 | ||
| 035 | _a683770 | ||
| 035 | _a(OCoLC)33273103 | ||
| 040 |
_aRPD _cFoundation University |
||
| 042 | _alccopycat | ||
| 050 | 0 | 0 |
_aN 7480 _bF47 1995 |
| 245 | 0 | 0 |
_aArt history and its methods : _ba critical anthology / _cselection and commentary by Eric Fernie. |
| 260 |
_aLondon : _bPhaidon Press Ltd., _c1995 _g(1996[printing]) |
||
| 264 | _41995 | ||
| 300 |
_a384 p. : _bill. ; _c23 cm. _3books _fbooks |
||
| 336 |
_atext _btxt _2rdacontent _3books |
||
| 337 |
_aunmediated _bn _2rdamedia _3books |
||
| 338 |
_avolume _bnc _2rdacarrier _3books |
||
| 504 | _aIncludes bibliographical references (p. 369) and index. | ||
| 650 | 0 |
_aArt _xStudy and teaching. _915779 |
|
| 650 | 0 |
_aArt _xHistory. _911088 |
|
| 650 | 0 |
_aArt _xMethodology. _915780 |
|
| 653 | 0 | _aVisual arts | |
| 700 | 1 |
_aFernie, Eric, _d1939- _915781 |
|
| 906 |
_a7 _bcbc _ccopycat _d2 _encip _f19 _gy-gencatlg |
||
| 942 |
_2lcc _cBK _hN 7480 _i.1995 F47 _k(DAFA-FA) |
||
| 999 |
_c5842 _d5842 |
||